วารสารสำนักยุทธศาสตร์และประเมินผล (Record no. 22574)

MARC details
000 -LEADER
fixed length control field 01151nas a2200193 a 4500
008 - FIXED-LENGTH DATA ELEMENTS--GENERAL INFORMATION
fixed length control field 110808 2554 tha tha
040 ## - CATALOGING SOURCE
Original cataloging agency TH-BaNU
245 00 - TITLE STATEMENT
Title วารสารสำนักยุทธศาสตร์และประเมินผล
246 0# - VARYING FORM OF TITLE
Title proper/short title Strategy & Evaluation Department
260 3# - PUBLICATION, DISTRIBUTION, ETC.
Place of publication, distribution, etc. กรุงเทพมหานคร
Name of publisher, distributor, etc. สำนักยุทธศาสตร์และประมวลผล
Date of publication, distribution, etc. 2554
310 ## - CURRENT PUBLICATION FREQUENCY
Current publication frequency ราย 3 เดือน
650 #4 - SUBJECT ADDED ENTRY--TOPICAL TERM
Topical term or geographic name entry element ด้านวิชาการ ด้านเทคโนโลยีสารสนเทศ
850 ## - HOLDING INSTITUTION
Holding institution Kuakarun Nursing Library
942 ## - ADDED ENTRY ELEMENTS (KOHA)
Koha item type Journal
997 ## -
-- KCNL:ISSN:0000-0531
998 ## - STAFF NAME (NMU)
Typist issn.elf
Cataloger tiger
-- 20110808
-- tiger
-- 20121031
Holdings
Withdrawn status Lost status Damaged status Not for loan Home library Current library Shelving location Date acquired Serial Enumeration / chronology Total Checkouts Date last seen Price effective from Koha item type
      Not for Loan Kuakarun Nursing Library Kuakarun Nursing Library Journal Shelves 02/03/2017 ปีที่ 4 ฉบับที่ 2 (เม.ย. - มิ.ย. 54)   02/03/2017 02/03/2017 Journal
      Not for Loan Kuakarun Nursing Library Kuakarun Nursing Library Journal Shelves 02/03/2017 ปีที่ 5 ฉบับที่ 1 (ม.ค. - มี.ค. 55)   02/03/2017 02/03/2017 Journal
      Not for Loan Kuakarun Nursing Library Kuakarun Nursing Library Journal Shelves 02/03/2017 ปีที่ 5 ฉบับที่ 3 (ก.ค. - ก.ย. 55)   02/03/2017 02/03/2017 Journal